Wyjściowy skład reprezentacji Polski na mecz z Mołdawią - Statystyki

Ogólne statystyki
  • Ten quiz został rozwiązany 144 razy
  • Średni wynik to 9 z 11
Statystyki odpowiedzi
Hint Odpowiedź % Poprawnych
bramkarz Szczęsny
99%
napastnik Lewandowski
93%
napastnik Milik
90%
pomocnik Zieliński
86%
obrońca Bednarek
83%
wahadłowy Zalewski
82%
obrońca Kiwior
81%
wahadłowy Frankowski
75%
pomocnik Szymański
72%
pomocnik Szymański
72%
obrońca Kędziora
44%
Nie znaleziono quizów pasujących do podanych kryteriów
Rozkład punktacji
Procent ludzi z każdym wynikiem
Percentyl według liczby udzielonych odpowiedzi
Twoja historia wyników
Nie rozwiązałeś tego quizu